Statistiques concernant Animaux en images par lettre - E

Cliquez ici pour prendre le quiz!

Statistiques générales

  • Ce quiz a été pris 1 338 fois
    (824 depuis la dernière actualisation)
  • Le résultat moyen est 9 sur 16

Statistiques - réponses

Réponse% Correct
Escargot
100%
Étoile de mer
99%
Écureuil
98%
Élan
93%
Espadon
80%
Écrevisse
72%
Manchot {empereur}
72%
Éléphant de mer
71%
Émeu
59%
Esturgeon
44%
Épervier
37%
Chouette {effraie}
35%
Étourneau
22%
Échidné
18%
Éponge
17%
Éphémère
15%

Distribution des résultats

Percentile par nombre de réponses

% des personnes avec chaque résultat

Votre développement - résultats

Vous n’avez pas pris ce quiz depuis la dernière actualisation